| 000 | 01264nam a2200289Ia 4500 | ||
|---|---|---|---|
| 999 |
_c5450 _d5450 |
||
| 003 | OSt | ||
| 005 | 20200612131855.0 | ||
| 008 | 191128s1970 sp gr 000 0dspa d | ||
| 040 |
_aCO-JMCR _cCO-JMCR |
||
| 041 | 1 |
_aspa _hita |
|
| 082 | 0 | 4 |
_a330.124 / _bM358p _223 |
| 100 | 1 |
_aMarrama, Vittorio, _eautor _95557 |
|
| 245 | 1 | 0 |
_aProblemas y técnicas de programación económica / _cVittorio Marrama ; traducción de la segunda edición italiana por Francisco Javier Garcia Ruiz y Luis Hernandez Alfonso ; adaptación a la tercera edición italiana por Josefina Culebras Abril |
| 260 |
_aMadrid : _bAguilar, _c1970. |
||
| 300 |
_a207 páginas ; _c21 cm. |
||
| 490 | 0 | _aBiblioteca de ciencias sociales. Sección primera, economía | |
| 504 | _aIncluye bibliografía al final de cada capítulo. | ||
| 505 | _aProgramación global -- Programación parcial | ||
| 534 | _pProblemi e tecniche di programmazione economica | ||
| 546 | _aTraducido del italiano | ||
| 650 | 1 | 4 |
_aPlanificación económica _93241 |
| 650 | 2 | 4 |
_aInversión _xBienes de consumo _95558 |
| 700 | 1 |
_aGarcia Ruiz, Francisco Javier, _etraductor _95559 |
|
| 700 | 1 |
_a Hernandez Alfonso, Luis, _etraductor _95560 |
|
| 700 | 1 |
_aCulebras Abril, Josefina, _eadaptador _95561 |
|
| 942 |
_2ddc _cBK |
||